| 000 | 00672nam a22001937a 4500 | ||
|---|---|---|---|
| 999 |
_c159689 _d159689 |
||
| 005 | 20181231115530.0 | ||
| 010 | _aENG-124613 | ||
| 020 |
_a9780199486809 _c495.00 |
||
| 035 | _aEN-108145 | ||
| 037 | _bDBAD/PUB | ||
| 082 | _a338.70954 | ||
| 100 | _aRoy, Tirthankar | ||
| 245 |
_aCompany of kinsmen: _cby Tirthankar Roy _benterprise and community in south asian history 1700-1940/ |
||
| 260 |
_aNew Delhi _bOxford University Press _c2018 |
||
| 270 |
_bNew Delhi _e110002 _a2/11 Ground Floor, Ansari Road, Daryaganj, |
||
| 300 |
_axiii,252p. _c21cm.(pbk) |
||
| 500 | _aIt includes Epilogue, bibliography and index | ||
| 942 |
_2ddc _cEN _h338.70954 _mROY |
||